00405nam a2200145Ia 4500008004100000040001200041082001400053100002100067245003300088260003400121300001400155942000700169999001500176952006800191200103s9999||||xx |||||||||||||| ||und|| aIMU-MPC aColumn-25 aWhite, Harvey E. 0aClassical and Modern Physics bD. Van Nostrand Companyc1950 aviii, 712 cBK c6927d6927 0010407097955cColumn-25d2020-01-08pLBS715r2025-03-17yBK